Statistics for Big Bang Theory Theme Song

Click here to take the quiz!

General Stats

  • This quiz has been taken 26 times
  • The average score is 38 of 53

Answer Stats

Lyrics% Correct
a
100%
a
100%
bang
100%
bang
100%
big
100%
The
100%
the
100%
the
100%
the
100%
The
100%
started
96%
started
96%
with
96%
all
92%
in
83%
was
83%
universe
79%
built
75%
built
75%
history
75%
science
75%
whole
75%
Earth
71%
pyramids
71%
to
71%
to
71%
we
71%
We
71%
years
71%
ago
67%
Math
67%
wall
67%
began
63%
began
63%
billion
63%
hot
63%
mystery
63%
state
63%
Then
63%
Our
58%
That
58%
cool
54%
dense
54%
fourteen
54%
drool
50%
Neanderthals
50%
Wait
50%
developed
46%
expansion
46%
tools
42%
unraveling
42%
autotrophs
38%
nearly
38%

Score Distribution

Percentile by Number Answered

Percent of People with Each Score

Your Score History

You have not taken this quiz